THRASH METAL BANDS - Statistics

General Stats
  • This quiz has been taken 73 times
  • The average score is 30 of 100
Answer Stats
Hint Answer % Correct
Ride the Lightning, Master of Puppets Metallica
96%
Rust in Peace, Peace Sells... But Who's Buying? Megadeth
94%
Reign in Blood, Seasons in the Abyss Slayer
94%
Among the Living, Spreading the Disease Anthrax
92%
Bonded by Blood, Tempo of the Damned Exodus
84%
Speak English or Die, Bigger Than the Devil S.O.D.
80%
Agent Orange, Persecution Mania Sodom
72%
The Legacy, The New Order Testament
72%
Horrorscope, The Years of Decay Overkill
70%
Pleasure to Kill, Extreme Aggression Kreator
68%
Hazardous Mutation, The Art of Partying Municipal Waste
68%
Beneath the Remains, Arise Sepultura
66%
Alice in Hell, Never Neverland Annihilator
60%
The Ultra-Violence, Act III Death Angel
58%
Crossover, Thrash Zone D.R.I.
56%
Infernal Overkill, Eternal Devastation Destruction
54%
Retaliation, Carnivore Carnivore
52%
Seven Churches, Beyond the Gates Possessed
52%
Lights Camera Revolution, How Will I Laugh Tomorrow When I Can't Even Smile Today Suicidal Tendencies
52%
Chemical Invasion, Beast of Bourbon Tankard
50%
Darkness Descends, Leave Scars Dark Angel
48%
Time Is Up, Conformicide Havok
48%
To Mega Therion, Morbid Tales Celtic Frost
46%
By Inheritance, Terror Squad Artillery
44%
Handle With Care, Game Over Nuclear Assault
44%
Shattered Existence, For Whose Advantage? Xentrix
44%
Blood Fire Death, The Return... Bathory
42%
Twisted Into Form, Forbidden Evil Forbidden
42%
Gross Misconduct, U.S.A. for M.O.D. M.O.D.
42%
Ignorance, The American Way Sacred Reich
42%
Nightmare Logic, Manifest Decimation Power Trip
40%
Eternal Nightmare, Oppressing the Masses Vio-Lence
40%
Killing Technology, Dimension Hatröss Voivod
40%
Mental Vortex, No More Color Coroner
38%
Enter the Grave, Hell Unleashed Evile
38%
Chemical Assault, Unholy Retribution Violator
34%
Possessed by Fire, Rising From the Sea Exumer
32%
Evil Invaders, Shotgun Justice Razor
32%
Evil Never Dies, An Overdose of Death... Toxic Holocaust
32%
Epidemic of Violence, Tortured Existence Demolition Hammer
30%
Slaughter in the Vatican, The Law Exhorder
30%
Think This, World Circus Toxik
30%
Terminal Redux, Black Future Vektor
30%
Power and Pain, Ticket to Mayhem Whiplash
28%
Blessing in Disguise, The Dark Metal Church
28%
Spectrum of Death, Destruction System Morbid Saint
28%
Doomsday for the Deceiver, No Place for Disgrace Flotsam and Jetsam
26%
The Laws of Scourge, I.N.R.I. Sarcofago
26%
Soldiers of Misfortune, Forward to Termination Sacrifice
24%
Illusions, Swallowed in Black Sadus
24%
Wrath and Ruin, Weapons of Tomorrow Warbringer
24%
Citizen Brain, Tales from the Grave in Space Gama Bomb
22%
Victims of Deception, Breaking the Silence Heathen
22%
The Force, Killing Peace Onslaught
22%
Annihilation of Civilization, United $tate$ of Anarchy Evildead
20%
Nasty Savage, Self Indulgence Nasty Savage
20%
Violent by Nature, Socialized Hate Atrophy
18%
Raging Violence, Hate Fear and Power Hirax
18%
Dreamweaver, History of a Time to Come Sabbat
18%
Black Thrash Attack, Deep Tracts of Hell Aura Noir
14%
Nothing's Sacred, Annihilation Principle Lååz Rockit
14%
Beyond the Permafrost, Breathing the Fire Skeletonwitch
14%
Stone, No Anaesthesia! Stone
14%
Say Uncle, Will Work for Food Uncle Slam
14%
Deception Ignored, Raging Steel Deathrow
12%
Split Image, The Joke's on You Excel
12%
Mind Wars, Terror and Submission Holy Terror
12%
Mayhemic Destruction, Face of Despair Mortal Sin
12%
Golem, Urm the Mad Protector
12%
Beat the Bastards, The Massacre The Exploited
12%
Cabaret De La Guillotine, Aftermath Angelus Apatrida
10%
Best Wishes, III: Alpha Omega Cro-Mags
10%
Convicted, Money Talks Cryptic Slaughter
10%
State of Insurgency, Being and Nothingness HeXen
10%
Oddech wymarłych światów, Bastard KAT
10%
Sign of the Wicked, Mistreated SDI
10%
Years of Aggression, Division of Blood Suicidal Angels
10%
Control and Resistance, Energetic Disassembly Watchtower
10%
Disturbing the Noise, Limits of Insanity Attomica
8%
Kill for Pleasure, Chopping Block Blues Blood Feast
8%
Life of Dreams, Beast on My Back Crumbsuckers
8%
Idolatry, Signs of Life Devastation
8%
Tales of Terror, Death and Insanity Hallows Eve
8%
Crossover Ministry, The Tyranny of Will Iron Reagan
8%
Heresy, Product of Imagination Paradox
8%
Brasil, Anarkophobia Ratos de Porão
8%
Chaos of Forms, Existence Is Futile Revocation
8%
Brain Damage, Go and Live... Stay and Die Vendetta
8%
Vile Vicious Vision, Strip Tease Acid Drinkers
6%
Dungeon Bastards, Transmission Zero Ghoul
6%
Protected From Reality, Vengeance of Hell Living Death
6%
This Godless Endeavor, Dreaming Neon Black Nevermore
6%
Conclusion of an Age, Cycle of Suffering Sylosis
6%
Crimson Dawn, Evil Power Deathhammer
4%
Supernatural Addiction, Fearless Undead Machines Deceased...
4%
Kill Grid, War Remains Enforced
4%
Desperate Measures, Born to Expire Leeway
4%
Endless War, Suiciety Realm
4%
So It Goes, Nube negra Demoniac
2%
Pheonix Rising, Cold Steel... for an Iron Age Deströyer 666
2%
No matching quizzes found
Score Distribution
Percent of People with Each Score
Percentile by Number Answered
Your Score History
You have not taken this quiz